00463nam a22001577a 450000500170000001000150001702000120003203500140004403700130005808200160007110000160008724500500010326000480015327000780020130000260027920220825153553.0 aENG-134689 c1050.00 aEN-118221 bDBAD/PUB a793.3195433 aRele, Kanak aMohini Attam:bThe Lyrical Dance/cKanak Rele aMumbaibNalanda Dance Research Centrec2013 aPlot A-7/1, N.S. Road, No. 10 J.V.P.D. Scheme, Vile ParlebMumbaie400049 aviii, 378p.c26cm(hb)